Bovinos blonde d'aquitaine /
Guardado en:
| Autor Principal: | |
|---|---|
| Formato: | Libro |
| Publicado: |
Buenos Aires :
Albatros,
1979
|
| Materias: | |
| Etiquetas: |
Agregar Etiqueta
Sin Etiquetas, Sea el primero en etiquetar este registro!
|
| LEADER | 00792nam a22001815a 4500 | ||
|---|---|---|---|
| 001 | CEM.cems016197 | ||
| 005 | 20090907165750.0 | ||
| 008 | 130507s1979##################000#0#####d | ||
| 003 | CEMS | ||
| 082 | 0 | 4 | |a 636.23 |
| 100 | 1 | |a Tocagni, Héctor | |
| 245 | 1 | 0 | |a Bovinos blonde d'aquitaine / |c Héctor Tocagni |
| 260 | |a Buenos Aires : |b Albatros, |c 1979 | ||
| 300 | |a 63 p. | ||
| 505 | 0 | |a Historia, onformaión y aptitudes -- Programa para la Argentina -- Tamaños y medidas -- Inseminación artificial -- Técnicas de crianza y tipos de producción -- Mejora genética -- Facilidades de partos comprobadas -- Investitgaciones realizadas con razas francesas en regiones difíciles | |
| 653 | |a Bovinos blonde d'aquitaine | ||
| 653 | |a Bovinos | ||
| 859 | |a CEMS |b BIB. CEMS - Agricultura |h 636.23 |i T561 |p A12276.83 |t Ej.1 | ||
